00364 2200157 4500001002100000005001500021035002000036245003000056100001100086300001200097260004100109082000800150084001400158020002200172990001200194INLIS00000000000177720250506083835 a0010-05250000691 aEccedenttesiast /cItarkn0 aItarkn a356 hlm aDepok :bAkad Media Cakrawala,c2022 a800 a800 ITA e a978-623-5953-10-6 a0754590